AH International Schools' Libraries

The karate mouse / (Record no. 49513)

MARC details
000 -LEADER
fixed length control field 00279nam a2200109 4500
020 ## - INTERNATIONAL STANDARD BOOK NUMBER
International Standard Book Number 9781782269472
100 ## - MAIN ENTRY--PERSONAL NAME
Personal name Stilton, Geronimo
9 (RLIN) 1388
245 ## - TITLE STATEMENT
Title The karate mouse /
Statement of responsibility, etc Geronimo Stilton
260 ## - PUBLICATION, DISTRIBUTION, ETC. (IMPRINT)
Place of publication, distribution, etc UK
Name of publisher, distributor, etc Sweet Cherry
Date of publication, distribution, etc 2022
300 ## - PHYSICAL DESCRIPTION
Extent 98 p.
Other physical details ill.
Dimensions 20 cm.
942 ## - ADDED ENTRY ELEMENTS (KOHA)
Source of classification or shelving scheme
Koha item type Book
Holdings
Withdrawn status Lost status Source of classification or shelving scheme Damaged status Not for loan Home library Current library Shelving location Date acquired Total Checkouts Full call number Barcode Date last seen Date checked out Price effective from Koha item type
          Asian Hope Primary Library Asian Hope Primary Library Junior Fiction 09/04/2025 9 J FIC STI 208137 02/11/2026 02/04/2026 09/04/2025 Book

For any Logos Library related questions please contact Miss Art at swongnarasuk@asianhope.org.

For any Asian Hope Library related questions please contact Miss Raza at graza@asianhope.org.

Powered by Koha